| 000 -LEADER |
| fixed length control field |
00991cam a2200241 i 4500 |
| 005 - DATE AND TIME OF LATEST TRANSACTION |
| control field |
20200310123847.0 |
| 008 - FIXED-LENGTH DATA ELEMENTS--GENERAL INFORMATION |
| fixed length control field |
160822s2014 ii a 000 0 eng |
| 020 ## - INTERNATIONAL STANDARD BOOK NUMBER |
| International Standard Book Number |
9789384204013 |
| 040 ## - CATALOGING SOURCE |
| Original cataloging agency |
DLC |
| Language of cataloging |
eng |
| Transcribing agency |
DLC |
| Description conventions |
rda |
| Modifying agency |
DLC |
| 042 ## - AUTHENTICATION CODE |
| Authentication code |
lcode |
| -- |
pcc |
| 043 ## - GEOGRAPHIC AREA CODE |
| Geographic area code |
a-ii--- |
| 082 ## - DEWEY DECIMAL CLASSIFICATION NUMBER |
| Classification number |
729 |
| Item number |
CHH |
| 100 1# - MAIN ENTRY--PERSONAL NAME |
| Personal name |
Chhaya, Neelkanth, |
| Relator term |
author. |
| 245 10 - TITLE STATEMENT |
| Title |
Harnessing the intangible : |
| Remainder of title |
collected essays on the work of Balkrishna Doshi / |
| Statement of responsibility, etc |
contributing authors, Neelkanth Chhaya, Dinesh and Meera Mehta, Durganand Balsawar, Rajeev Kathpalia, Riyaz Tayyibji. |
| 300 ## - PHYSICAL DESCRIPTION |
| Extent |
132 pages : |
| Other physical details |
illustrations ; |
| Dimensions |
24 cm |
| 520 ## - SUMMARY, ETC. |
| Summary, etc |
Contributed articles. |
| 600 10 - SUBJECT ADDED ENTRY--PERSONAL NAME |
| Personal name |
Doshi, Balkrishna V. |
| General subdivision |
History and criticism. |
| 650 #0 - SUBJECT ADDED ENTRY--TOPICAL TERM |
| Topical term or geographic name as entry element |
Architecture |
| Geographic subdivision |
India |
| General subdivision |
History |
| Chronological subdivision |
20th century. |
| 710 2# - ADDED ENTRY--CORPORATE NAME |
| Corporate name or jurisdiction name as entry element |
National Institute of Advanced Studies in Architecture (India), |
| Relator term |
publisher. |
| 906 ## - LOCAL DATA ELEMENT F, LDF (RLIN) |
| a |
7 |
| b |
cbc |
| c |
origode |
| d |
3 |
| e |
ncip |
| f |
20 |
| g |
y-gencatlg |
| 942 ## - ADDED ENTRY ELEMENTS (KOHA) |
| Source of classification or shelving scheme |
|
| 955 ## - COPY-LEVEL INFORMATION (RLIN) |
| Copy information and material description, CCAL + MDES (RLIN) |
wd41 2017-06-30 to ASME |
| Classification number, CCAL (RLIN) |
cg00 2018-04-19 to ASME/SEASA |